| 000 | 00668cam a2200229 4500500 | ||
|---|---|---|---|
| 005 | 20260329005446.0 | ||
| 041 | _afre | ||
| 042 | _adc | ||
| 100 | 1 | 0 |
_aNathan, Tobie _eauthor |
| 245 | 0 | 0 | _aFaçades végétalisées : perpétuel printemps, invisible tristesse |
| 260 | _c2023. | ||
| 500 | _a19 | ||
| 690 | _aArtificiel | ||
| 690 | _aBar | ||
| 690 | _aFleurs | ||
| 690 | _aMasque | ||
| 690 | _aMort | ||
| 690 | _aRestaurant | ||
| 690 | _aTobie Nathan | ||
| 786 | 0 | _nPhilosophie magazine | 173 | 10 | 2023-10-01 | p. 14-14 | 1951-1787 | |
| 856 | 4 | 1 | _uhttps://shs.cairn.info/magazine-philosophie-magazine-2023-10-page-14?lang=fr&redirect-ssocas=7080 |
| 999 |
_c1843629 _d1843629 |
||